| 000 | 00354nam a2200145Ia 4500 | ||
|---|---|---|---|
| 008 | 200103s9999||||xx |||||||||||||| ||und|| | ||
| 020 | _a1902536002 | ||
| 040 | _aIMU-MPC | ||
| 082 | _aColumn-15 | ||
| 100 | _aTaylor, D.A. | ||
| 245 | 0 | _aMerchant ship construction | |
| 260 |
_bthe institute of marine engineers _c2000 |
||
| 300 | _aii, 274 | ||
| 942 | _cBK | ||
| 999 |
_c5645 _d5645 |
||